书目信息 |
| 题名: |
培养孩子的责任心
|
|
| 作者: | RayBurke , Ron Herron ;付艳霞 译 | |
| 分册: | ||
| 出版信息: | 北京 中国轻工业 2002 |
|
| 页数: | 234页 | |
| 开本: | 19cm | |
| 丛书名: | 新向导丛书 | |
| 单 册: | ||
| 中图分类: | G417 | |
| 科图分类: | ||
| 主题词: | 德育--学校教育 , 思想政治教育--学校教育 | |
| 电子资源: | ||
| ISBN: | 7-5019-3482-7 | |
| 000 | 00715nam0 2200241 450 | |
| 001 | 1549862886 | |
| 005 | 20150201135127.31 | |
| 010 | @a7-5019-3482-7@dCNY14.00 | |
| 100 | @a20070818d km y0chiy0120 ea | |
| 101 | 0 | @achi |
| 200 | 1 | @a培养孩子的责任心@Apei yang hai zi de ze ren xin@f(美)RayBurke,Ron Herron@F(mei)RayBurke,Ron Herron@g付艳霞译@Gfu yan xia yi |
| 210 | @a北京@c中国轻工业@d2002 | |
| 215 | @a234页@d19cm | |
| 225 | 2 | @a新向导丛书 |
| 410 | 0 | @12001 @a新向导丛书 |
| 606 | 0 | @a德育--学校教育 |
| 606 | 0 | @a思想政治教育--学校教育 |
| 690 | @aG417@v3 | |
| 701 | 0 | @aRayBurke |
| 701 | 0 | @aRon Herron |
| 702 | 0 | @a付艳霞@Afu yan xia@4译 |
| 801 | 0 | @aCN@bTSSF@c20150201 |
| 905 | @aZUCC@dG417@eJY2@f1 | |
| 培养孩子的责任心/(美)RayBurke,Ron Herron/付艳霞译.-北京:中国轻工业,2002 |
| 234页;19cm.-(新向导丛书) |
| ISBN 7-5019-3482-7:CNY14.00 |
| ● |
| 相关链接 |
|
|
|
|
正题名:培养孩子的责任心
索取号:G417/JY2
 
预约/预借
| 序号 | 登录号 | 条形码 | 馆藏地/架位号 | 状态 | 备注 |
| 1 | 7846748 | 278467482 | 学院路分馆/ [索取号:G417/JY2] | 在馆 |